Losowe stolice Azji na mapie - Statystyki

Ogólne statystyki
  • Ten quiz został rozwiązany 3 937 razy
  • Średni wynik to 8 z 12
Odpowiedzi na mapie
Odpowiedzi zakodowano w zielono-czerwonej skali na mapie do tego quizu, zgodnie z poniższymi procentami.
 
Statystyki odpowiedzi
Stolica % Poprawnych
Ankara
97%
Pekin
94%
Tokio
94%
Seul
93%
Nowe Delhi
90%
Nikozja
89%
Jerozolima
87%
Ułan Bator
87%
Teheran
86%
Nur-Sułtan
85%
Pjongjang
85%
Rijad
82%
Baku
81%
Singapur
79%
Abu Zabi
78%
Bangkok
78%
Dżakarta
78%
Manila
78%
Tajpej
77%
Damaszek
76%
Hanoi
75%
Erywań
74%
Bagdad
73%
Kuwejt
73%
Tbilisi
73%
Islamabad
72%
Kabul
71%
Kuala Lumpur
71%
Bejrut
69%
Doha
67%
Malé
67%
Katmandu
66%
Dhaka
64%
Sri Dźajawardanapura Kotte
61%
Amman
56%
Maskat
56%
Sana
56%
Biszkek
52%
Manama
49%
Wientian
48%
Dili
47%
Phnom Penh
47%
Aszchabad
44%
Duszanbe
43%
Thimphu
42%
Naypyidaw
40%
Taszkent
39%
Bandar Seri Begawan
38%
Nie znaleziono quizów pasujących do podanych kryteriów
Rozkład punktacji
Procent ludzi z każdym wynikiem
Percentyl według liczby udzielonych odpowiedzi
Twoja historia wyników
Nie rozwiązałeś tego quizu